Statistiques concernant Pays avec geysers

Cliquez ici pour prendre le quiz!

Statistiques générales

  • Ce quiz a été pris 86 fois
  • Le résultat moyen est 13 sur 29

Statistiques - réponses

Pays avec Geysers% Correct
États-Unis
92%
Islande
92%
Russie
83%
Japon
79%
Chili
74%
Chine
71%
Indonesie
71%
Mexique
71%
Brésil
69%
Perou
65%
Nouvelle-Zélande
64%
Bolivie
56%
Philippines
47%
Turquie
36%
Thailande
35%
Allemagne
33%
Fidji
31%
Birmanie
28%
Kenya
22%
Ethiopie
21%
Guatemala
21%
Ouganda
21%
Papouasie Nouvelle Guinée
21%
Madagascar
18%
(Les îles) Salomon
14%
Portugal
13%
Tchad
8%
Bulgarie
3%
Serbie
3%

Distribution des résultats

Percentile par nombre de réponses

% des personnes avec chaque résultat

Votre développement - résultats

Vous n’avez pas pris ce quiz